| 000 | 00636nam a2200229Ia 4500 | ||
|---|---|---|---|
| 003 | OSt | ||
| 005 | 20220927105308.0 | ||
| 006 | a|||||r|||| 00| 0 | ||
| 007 | ta | ||
| 008 | 220926b |||||||| |||| 00| 0 eng d | ||
| 020 | _a13590987 | ||
| 024 | _a159942 | ||
| 037 | _cReference Collections | ||
| 040 |
_aRTL _cRTL _beng |
||
| 041 |
_2eng _aeng |
||
| 082 | _aprocessing | ||
| 245 | 0 | _aJournal of the Royal anthropological institute | |
| 260 |
_aGreat _bBritain Royal Anthropological Institute of Great Britain _c2000 |
||
| 300 |
_a375p _ccm. |
||
| 942 |
_hprocessing _cCC |
||
| 999 |
_c691650 _d691650 |
||